Why nations fail: (Record no. 5731)
[ view plain ]
| 000 -LEADER | |
|---|---|
| fixed length control field | 00508nam a2200169Ia 4500 |
| 020 ## - INTERNATIONAL STANDARD BOOK NUMBER | |
| ISBN | 9781846684302 |
| 082 ## - DEWEY DECIMAL CLASSIFICATION NUMBER | |
| Classification number | 330ACE |
| 100 ## - MAIN ENTRY--AUTHOR NAME | |
| Personal name | Acemoglu, Daron. |
| 245 #0 - TITLE STATEMENT | |
| Title | Why nations fail: |
| Sub Title | the origins of power, prosperity and poverty |
| 250 ## - EDITION STATEMENT | |
| Edition statement | 1st ed. |
| 260 ## - PUBLICATION, DISTRIBUTION, ETC. (IMPRINT) | |
| Place of publication | New York |
| Name of publisher | Crown Publishers |
| Year of publication | 2012 |
| 300 ## - PHYSICAL DESCRIPTION | |
| Number of Pages | 529 p. : ill., map ; 25 cm. |
| 500 ## - GENERAL NOTE | |
| General note | Includes bibliographical references (p. [465]-509) and index. |
| 650 ## - SUBJECT ADDED ENTRY--TOPICAL TERM | |
| Topical Term | Economics -Political aspects. |
| 942 ## - ADDED ENTRY ELEMENTS (KOHA) | |
| Koha item type | Book |
| Withdrawn status | Lost status | Damaged status | Not for loan | Permanent Location | Current Location | Date acquired | Full call number | Accession Number | Price effective from | Koha item type | Shelving location |
|---|---|---|---|---|---|---|---|---|---|---|---|
| UONGOZI Institute Resources Centre - Dar es Salaam | UONGOZI Institute Resources Centre - Dar es Salaam | 01/17/2025 | 330ACE | 000839 | 01/17/2025 | Book | |||||
| UONGOZI Institute Resources Centre - Dodoma | UONGOZI Institute Resources Centre - Dar es Salaam | 01/17/2025 | 330 ACE | URD001321 | 01/17/2025 | Book | Sustainable Development | ||||
| UONGOZI Institute Resources Centre - Dar es Salaam | UONGOZI Institute Resources Centre - Dodoma | 01/17/2025 | 330ACE | 006348 | 01/17/2025 | Book | Sustainable Development | ||||
| UONGOZI Institute Resources Centre - Dodoma | UONGOZI Institute Resources Centre - Dodoma | 01/17/2025 | 330 ACE | URD001765 | 01/17/2025 | Book | Sustainable Development |
